| 000 | 00655nam a2200217 i 4500 | ||
|---|---|---|---|
| 001 | bg | ||
| 100 | 1 | _aBORKOWSKI, Tadeusz | |
| 245 | 1 | 0 |
_aNowe prawo dewizowe / _cTadeusz Borkowski, Stefan Jerzak. |
| 260 |
_aWarszawa : _b"Difin", _c2000. |
||
| 300 |
_a423, [1] s., [1] k. tabl. złoż. : _bil. ; _c23 cm. |
||
| 650 | 9 |
_aDewizy _xprawo _zPolska _ystan na 2000 r. |
|
| 700 | 1 | _aJERZAK, Stefan | |
| 020 | _a8372510547 | ||
| 040 | _cBPK | ||
| 041 | 0 | _apl | |
| 080 | _a346.58(438) | ||
| 920 | _a83-7251-054-7 | ||
| 942 | _cKS | ||
| 008 | s pl f |000 0 pol | ||
| 999 |
_c41784 _d41784 |
||
| 856 |
_uhttp://koha.tu.koszalin.pl/cgi-bin/koha/opac-detail.pl?biblionumber=41784 _yKatalog online BPK |
||